000 00750nam a22002297a 4500
003 OSt
005 20230113125655.0
008 221007b |||||||| |||| 00| 0 eng d
020 _a90 6868 308 x
040 _cBiblioteca Lado V
082 _a720.1
_bF634m
100 _9527
_aFlores Troche, Northon
_eautor
245 _aMirando al Futuro/
246 _aLooking to the Future/
260 _aLa Paz
_bFundación Principe Claus
_c2000
300 _a95p.
_c17x22cm
650 _2Tesauro de Arte & Arquitectura
_aARQUITECTURA
650 _2Tesauro de Arte & Arquitectura
_aFILOSOFIA
650 _2Tesauro de Arte & Arquitectura
_aCRITICA
650 _2Tesauro de Arte & Arquitectura
_aARTE
942 _2ddc
_c1
_h720.1
_iF634m
_n0
999 _c2775
_d2775